00418nam a2200157Ia 4500008004100000020001800041082001700059100001800076245002400094250000700118260003500125300002400160500001900184600003300203650002400236240925s9999 xx 000 0 und d a9789386243522 a700.4112 WAL aWallace, Jeff 0aBeginning Modernism aNA aNew Delhi:bViva Booksc,2017. a564p.bNAfOriginal aIncludes Index aHumanities & Natural Science aArts and Recreation